000 01009nam a22003377a 4500
003 CHAP
005 20220329140247.0
008 971013s1977 r 00010 d
010 _a49365
011 _a50337
035 _a54487
040 _cCHAP
082 _a551.49
_bV5 1977
100 0 0 _aViessman, Warren, Jr.
_9119302
245 _aIntroduction to hydrology
250 _a2 ed.
260 _aNew York :
_bHarper & Row,
_c1977
300 _a704 p.
_b; gráfs.
490 _aSeries in civil engineering
590 _aBATCH-UPD
_b10
_c20130110
_lUCH01
_h0401
590 _aBATCH-UPD
_b10
_c20130410
_lUCH01
_h0034
590 _aBATCH-UPD
_b10
_c20130914
_lUCH01
_h1615
590 _aCONVERSION
_b10
_c20130109
_lUCH01
_h1327
650 1 4 _aHidrología.
_955257
700 0 _aKnapp, John W.
_963497
700 0 _aLewis, Gary L.
_966519
830 0 _aSeries in civil engineering
_9105129
901 _aBK
942 _cLIBRO
949 _a551.49 V5 1977
_bBC
_cLIBRO
_d33724000456638
_eLIBRO
_h45008
_i54487
_si
999 _c49365
_d49365